000 00550nam a22002177a 4500
003 OSt
005 20260421115532.0
008 260421b |||||||| |||| 00| 0 eng d
020 _a978-93-5482-280-3
040 _cSBCL
082 _a894.8123
_bJOS-K
100 _aJose, Lajo
245 _aKanya-Mariya
250 _a12th ed.
260 _aKottayam
_bD C Books
_c2025
300 _a174 p.
630 _xLiterature & rhetoric
650 _aLiteratures of other languages
650 _aAltaic, Uralic, Hyperborean & Dravidian
942 _cBOOK
999 _c137992
_d137992